[Event "Bratislava Slovakia op"]
[Site "Bratislava"]
[Date "2022.10.01"]
[Round "7"]
[White "Durovka, Stefan"]
[Black "Benci, Jozef1111"]
[Result "0-1"]
[ECO "D94"]
[WhiteElo "1729"]
[BlackElo "1520"]
[PlyCount "177"]
[EventDate "2022.09.30"]
[EventType "swiss (rapid)"]
[EventRounds "9"]
[EventCountry "SVK"]
[SourceTitle "CBM 210 Extra"]
[Source "ChessBase"]
[SourceDate "2022.11.30"]
[SourceVersion "1"]
[SourceVersionDate "2022.11.30"]
[SourceQuality "1"]

1. Nf3 Nf6 2. c4 c5 3. Nc3 g6 4. e3 Bg7 5. d4 cxd4 6. exd4 0-0 7. Bd3 d5 8. 0-0 Nc6 9. Be3 Bg4 10. Be2 e6 11. c5 Bxf3 12. Bxf3 Ne7 13. b4 Nf5 14. Bg5 Qd7 15. g4 Ne7 16. Re1 Nc6 17. b5 Nxd4 18. Bxf6 Bxf6 19. Rb1 Rac8 20. Na4 Nxb5 21. Rb4 Nc3 22. Qb3 Nxa4 23. Rxa4 a6 24. Rb4 Rc7 25. Rc1 Rb8 26. Rb6 Rc6 27. Be2 Qc7 28. Rc2 Bd8 29. Bxa6 Rxb6 30. cxb6 Qxb6 31. Qxb6 Bxb6 32. Bb5 Rd8 33. Kf1 Kf8 34. Ke2 Ke7 35. f4 Kd6 36. Kd3 Bc5 37. h3 Ra8 38. a4 b6 39. h4 Rf8 40. Rh2 f6 41. Rh3 e5 42. fxe5+ fxe5 43. g5 e4+ 44. Ke2 Rf2+ 45. Ke1 Rf3 46. Rh2 Ra3 47. Be2 Rxa4 48. h5 Ra1+ 49. Bd1 Bb4+ 50. Kf2 Rxd1 51. hxg6 hxg6 52. Rh6 Rd2+ 53. Kf1 Rd1+ 54. Ke2 Rd2+ 55. Kf1 Ke5 56. Rxg6 Kf5 57. Rg8 Bc5 58. g6 Rd1+ 59. Ke2 Rg1 60. g7 Kf6 61. Rd8 Rxg7 62. Rxd5 Rg5 63. Rd7 Ke6 64. Rd8 e3 65. Kf3 Rf5+ 66. Ke2 Rd5 67. Re8+ Kd6 68. Rd8+ Kc6 69. Rc8+ Kb5 70. Re8 Rd2+ 71. Kf3 Rf2+ 72. Kg3 Rd2 73. Kf3 Kc4 74. Rc8 e2 75. Re8 Rd3+ 76. Kxe2 Re3+ 77. Rxe3 Bxe3 78. Kxe3 Kc3 79. Ke2 Kc2 80. Ke3 b5 81. Kd4 b4 82. Kc4 b3 83. Kb4 b2 84. Ka3 Kc1 85. Ka2 b1Q+ 86. Ka3 Kc2 87. Ka4 Kc3 88. Ka5 Kc4 89. Ka6 0-1

[Event "Bratislava Slovakia op"]
[Site "Bratislava"]
[Date "2022.10.01"]
[Round "5"]
[White "Durovka, Stefan"]
[Black "Dolnik, Michal"]
[Result "0-1"]
[ECO "A35"]
[WhiteElo "1729"]
[BlackElo "1485"]
[PlyCount "68"]
[EventDate "2022.09.30"]
[EventType "swiss (rapid)"]
[EventRounds "9"]
[EventCountry "SVK"]
[SourceTitle "CBM 210 Extra"]
[Source "ChessBase"]
[SourceDate "2022.11.30"]
[SourceVersion "1"]
[SourceVersionDate "2022.11.30"]
[SourceQuality "1"]

1. Nf3 Nf6 2. c4 c5 3. Nc3 Nc6 4. d4 cxd4 5. Nxd4 g6 6. e3 Bg7 7. g3 b6 8. Bg2 Bb7 9. Nxc6 Bxc6 10. Bxc6 dxc6 11. 0-0 Qc8 12. Qa4 0-0 13. b4 Qh3 14. f3 Rad8 15. Qc2 Qe6 16. Ne2 Ng4 17. Nd4 Rxd4 18. fxg4 Rxc4 19. Qb1 Bxa1 20. Qxa1 Rc2 21. Qd4 Qxa2 22. Qe4 Qc4 23. Qxc4 Rxc4 24. Ba3 Rd8 25. b5 cxb5 26. Bxe7 Rd2 27. Bf6 Rcc2 28. Ra1 b4 29. h4 b3 30. h5 b2 31. Bxb2 Rxb2 32. h6 a5 33. Kf1 a4 34. Ke1 Rh2 0-1

[Event "Bratislava Slovakia op"]
[Site "Bratislava"]
[Date "2022.09.30"]
[Round "1"]
[White "Durovka, Stefan"]
[Black "Leniart, Arkadiusz"]
[Result "0-1"]
[ECO "D04"]
[WhiteElo "1729"]
[BlackElo "2495"]
[PlyCount "64"]
[EventDate "2022.09.30"]
[EventType "swiss (rapid)"]
[EventRounds "9"]
[EventCountry "SVK"]
[SourceTitle "CBM 210 Extra"]
[Source "ChessBase"]
[SourceDate "2022.11.30"]
[SourceVersion "1"]
[SourceVersionDate "2022.11.30"]
[SourceQuality "1"]

1. Nf3 d5 2. e3 Nf6 3. d4 c6 4. Nc3 Bg4 5. Be2 Nbd7 6. h3 Bxf3 7. Bxf3 e5 8. dxe5 Nxe5 9. Bd2 Bd6 10. Be2 Qe7 11. 0-0 0-0-0 12. f4 Ned7 13. Bf3 Rhe8 14. a3 Nc5 15. Ne2 Nce4 16. b4 Nxd2 17. Qxd2 Qxe3+ 18. Qxe3 Rxe3 19. Nd4 g6 20. Rfe1 Bxf4 21. Red1 Rde8 22. Kf1 Ne4 23. Bxe4 R8xe4 24. Nf3 Rc3 25. Nd4 Be3 26. Nf3 Rxc2 27. Ne1 Rf4+ 28. Nf3 Rf2+ 29. Ke1 Rxg2 30. Nd2 Rff2 31. Ra2 Rg1+ 32. Nf1 Rgxf1# 0-1

[Event "Bratislava Slovan op"]
[Site "Bratislava"]
[Date "2018.05.01"]
[Round "7"]
[White "Durovka, Stefan"]
[Black "Rykala, Monika"]
[Result "0-1"]
[ECO "B40"]
[WhiteElo "1827"]
[BlackElo "1878"]
[PlyCount "89"]
[EventDate "2018.04.27"]
[EventType "swiss"]
[EventRounds "9"]
[EventCountry "SVK"]
[SourceTitle "EXT 2023"]
[Source "ChessBase"]
[SourceDate "2022.10.05"]
[SourceVersion "1"]
[SourceVersionDate "2022.10.05"]
[SourceQuality "1"]

1. Nf3 e6 2. e4 c5 3. d4 cxd4 4. Nxd4 Nf6 5. Bd3 d6 6. 0-0 Be7 7. Bg5 Nbd7 8. c3 a6 9. b4 Qc7 10. h3 b5 11. a4 bxa4 12. Rxa4 Bb7 13. Re1 Ne5 14. Bc2 Nc4 15. Ra2 0-0 16. Bh4 a5 17. bxa5 Rxa5 18. Rxa5 Qxa5 19. Qd3 Ne5 20. Qe3 Qc5 21. Nd2 Rc8 22. Rb1 Ba6 23. Ra1 Bc4 24. Ra4 d5 25. exd5 Qxd5 26. f4 Ng6 27. Bxf6 Bxf6 28. Nxc4 Rxc4 29. Rxc4 Qxc4 30. Bxg6 hxg6 31. Kh2 Qd5 32. Nf3 Qa5 33. c4 Qc7 34. Qe4 g5 35. g3 gxf4 36. gxf4 Qc5 37. Kg2 g6 38. Ne5 Kg7 39. Qe2 Qd4 40. Kf3 g5 41. Qe4 Qd1+ 42. Kf2 Qd2+ 43. Kf3 Qh2 44. Ke3 gxf4+ 45. Kd3 0-1

[Event "Bratislava Slovan op"]
[Site "Bratislava"]
[Date "2018.04.29"]
[Round "4"]
[White "Smolka, Marcin"]
[Black "Durovka, Stefan"]
[Result "1-0"]
[ECO "B00"]
[WhiteElo "2178"]
[BlackElo "1827"]
[PlyCount "75"]
[EventDate "2018.04.27"]
[EventType "swiss"]
[EventRounds "9"]
[EventCountry "SVK"]
[SourceTitle "EXT 2023"]
[Source "ChessBase"]
[SourceDate "2022.10.05"]
[SourceVersion "1"]
[SourceVersionDate "2022.10.05"]
[SourceQuality "1"]

1. e4 d6 2. d4 Nf6 3. Nc3 Nc6 4. h3 e6 5. Nf3 Be7 6. a3 a6 7. Bd3 h6 8. Be3 b5 9. Qd2 Bb7 10. 0-0 b4 11. Ne2 bxa3 12. bxa3 d5 13. e5 Ne4 14. Qe1 0-0 15. Nd2 f5 16. exf6 Nxf6 17. Nf4 Bc8 18. Ng6 Re8 19. f4 Rb8 20. Ne5 Rb6 21. Qg3 Bf8 22. Qg6 Re7 23. Ng4 Nxg4 24. Qh7+ Kf7 25. Bg6+ Kf6 26. hxg4 Rd7 27. f5 e5 28. g5+ Ke7 29. dxe5 Nxe5 30. Bc5+ Rdd6 31. Rae1 Kd7 32. Rxe5 Qxg5 33. Nf3 Qg3 34. Qg8 Rxg6 35. Qf7+ Kc6 36. Qxd5+ Kb5 37. Bxf8+ Ka4 38. Qa5# 1-0

[Event "Piestany op"]
[Site "Piestany"]
[Date "2014.11.16"]
[Round "3"]
[White "Durovka, Stefan"]
[Black "Mathon, Dimitrij"]
[Result "1/2-1/2"]
[ECO "D01"]
[WhiteElo "1869"]
[BlackElo "1596"]
[PlyCount "48"]
[EventDate "2014.11.15"]
[EventType "swiss"]
[EventRounds "8"]
[EventCountry "SVK"]
[SourceTitle "EXT 2023"]
[Source "ChessBase"]
[SourceDate "2022.10.05"]
[SourceVersion "1"]
[SourceVersionDate "2022.10.05"]
[SourceQuality "1"]

1. Nf3 d5 2. d4 Nf6 3. Nc3 e6 4. Bg5 Be7 5. e3 Nbd7 6. Bd3 0-0 7. 0-0 c5 8. Re1 h6 9. Bh4 b6 10. h3 Bb7 11. a3 Ne8 12. Bxe7 Qxe7 13. b3 cxd4 14. exd4 Qd8 15. Qd2 Rc8 16. Ne2 Nef6 17. Ng3 Qc7 18. Re3 Ne4 19. Bxe4 dxe4 20. Ne1 Nf6 21. c4 Rfd8 22. Rd1 Rd7 23. Qc3 Nd5 24. Qd2 Nxe3 1/2-1/2

[Event "Piestany op"]
[Site "Piestany"]
[Date "2014.11.15"]
[Round "1"]
[White "Durovka, Stefan"]
[Black "Petran, Peter"]
[Result "0-1"]
[ECO "B08"]
[WhiteElo "1869"]
[BlackElo "2342"]
[PlyCount "120"]
[EventDate "2014.11.15"]
[EventType "swiss"]
[EventRounds "8"]
[EventCountry "SVK"]
[SourceTitle "EXT 2023"]
[Source "ChessBase"]
[SourceDate "2022.10.05"]
[SourceVersion "1"]
[SourceVersionDate "2022.10.05"]
[SourceQuality "1"]

1. Nf3 g6 2. e4 Bg7 3. d4 d6 4. Nc3 Nf6 5. Bg5 Bg4 6. Be2 0-0 7. 0-0 Nc6 8. h3 Bxf3 9. Bxf3 Nd7 10. Be3 e5 11. Ne2 exd4 12. Nxd4 Re8 13. Nxc6 bxc6 14. c3 Rb8 15. Rb1 c5 16. Re1 Nb6 17. Qc2 Nc4 18. Bc1 Qd7 19. b3 Ne5 20. Be2 Qe7 21. f4 Nd7 22. Bf3 Qh4 23. Be3 a5 24. Qd2 Nb6 25. Bf2 Qf6 26. c4 Qc3 27. Qxc3 Bxc3 28. Re2 Bd4 29. Rd1 Bxf2+ 30. Kxf2 a4 31. e5 dxe5 32. fxe5 Re7 33. Bc6 a3 34. Rd3 Rf8 35. Ree3 Kg7 36. Rd2 f6 37. exf6+ Rxf6+ 38. Bf3 Rfe6 39. Rxe6 Rxe6 40. Rd3 Kf6 41. g4 g5 42. Bg2 h6 43. Bf3 Rd6 44. Ke3 Ke5 45. Rc3 Nd7 46. Be2 Nb8 47. Kf3 Nc6 48. Re3+ Kf6 49. Bd3 Nb4 50. Bf5 Nxa2 51. Re8 Nc3 52. Ra8 a2 53. Bc2 Rd2 54. Ra6+ Ke7 55. Bf5 Rd1 56. Rxh6 a1Q 57. Rh7+ Kf8 58. Rh8+ Kg7 59. Rh7+ Kg8 60. Rxc7 Rf1+ 0-1

[Event "Bratislava Dubravan op"]
[Site "Bratislava"]
[Date "2014.08.28"]
[Round "4"]
[White "Molnar, Viliam"]
[Black "Durovka, Stefan"]
[Result "1-0"]
[ECO "E00"]
[WhiteElo "1779"]
[BlackElo "1838"]
[PlyCount "89"]
[EventDate "2014.08.25"]
[EventType "swiss"]
[EventRounds "7"]
[EventCountry "SVK"]
[SourceTitle "EXT 2023"]
[Source "ChessBase"]
[SourceDate "2022.10.05"]
[SourceVersion "1"]
[SourceVersionDate "2022.10.05"]
[SourceQuality "1"]

1. d4 Nf6 2. c4 e6 3. a3 d5 4. Nc3 c5 5. f3 Nc6 6. e3 Be7 7. Nge2 0-0 8. Ng3 e5 9. dxc5 d4 10. Nce4 Nxe4 11. Nxe4 f5 12. Nd6 Qa5+ 13. b4 Qd8 14. Nxc8 Rxc8 15. Be2 e4 16. exd4 Nxd4 17. 0-0 Bf6 18. Ra2 exf3 19. Bxf3 Nxf3+ 20. Qxf3 Qd4+ 21. Kh1 Qxc4 22. Re2 a5 23. h3 axb4 24. axb4 Qxb4 25. Ba3 Qb5 26. c6 Rfd8 27. cxb7 Rb8 28. Be7 Re8 29. Bd6 Rxe2 30. Bxb8 Rb2 31. Rc1 h6 32. Rc8+ Kh7 33. Bh2 Rb1+ 34. Bg1 Qxb7 35. Qxf5+ g6 36. Qc5 Bg7 37. Rc7 Qb2 38. Kh2 Qf6 39. Bf2 Qf4+ 40. Bg3 Qf1 41. Be5 Qh1+ 42. Kg3 Rb3+ 43. Kf2 Rb1 44. Rxg7+ Kh8 45. Qf8# 1-0

[Event "Bratislava Dubravan op"]
[Site "Bratislava"]
[Date "2014.08.27"]
[Round "3"]
[White "Durovka, Stefan"]
[Black "Moravcik, Peter"]
[Result "1/2-1/2"]
[ECO "A35"]
[WhiteElo "1838"]
[BlackElo "1676"]
[PlyCount "107"]
[EventDate "2014.08.25"]
[EventType "swiss"]
[EventRounds "7"]
[EventCountry "SVK"]
[SourceTitle "EXT 2023"]
[Source "ChessBase"]
[SourceDate "2022.10.05"]
[SourceVersion "1"]
[SourceVersionDate "2022.10.05"]
[SourceQuality "1"]

1. Nf3 c5 2. c4 Nc6 3. Nc3 e5 4. e3 d6 5. d4 Bg4 6. dxc5 dxc5 7. Be2 Nf6 8. 0-0 Be7 9. h3 Bh5 10. a3 0-0 11. Qc2 a6 12. Rd1 Qc7 13. b3 Rad8 14. Bb2 Bd6 15. Nd5 Nxd5 16. cxd5 Ne7 17. e4 a5 18. Qc3 f5 19. exf5 Nxf5 20. g4 Nd4 21. Re1 Bg6 22. Rac1 Qf7 23. b4 b6 24. bxa5 bxa5 25. Kg2 Be4 26. Qe3 Bxf3+ 27. Bxf3 Nxf3 28. Red1 Qf4 29. Qxf4 Rxf4 30. Bc3 Rdf8 31. Rc2 a4 32. Re2 Nd4 33. Rb2 Rf3 34. Rc1 Rd3 35. Rb6 Ne2 36. Rc2 Nxc3 37. Rxd6 Nb5 38. Rb6 Nxa3 39. Rxc5 Rd2 40. d6 Rdxf2+ 41. Kg1 h6 42. d7 Rd2 43. Rb7 Rc2 44. Rxe5 Rd2 45. Re8 Nc2 46. Rbb8 Rxd7 47. Rxf8+ Kh7 48. Rfc8 Rd1+ 49. Kf2 Rd2+ 50. Kf3 a3 51. Ra8 a2 52. Rxa2 Nd4+ 53. Ke3 Rxa2 54. Kxd4 1/2-1/2

[Event "Bratislava Dubravan op"]
[Site "Bratislava"]
[Date "2014.08.25"]
[Round "1"]
[White "Durovka, Stefan"]
[Black "Belak, Milan"]
[Result "1-0"]
[ECO "D31"]
[WhiteElo "1838"]
[BlackElo "1614"]
[PlyCount "137"]
[EventDate "2014.08.25"]
[EventType "swiss"]
[EventRounds "7"]
[EventCountry "SVK"]
[SourceTitle "EXT 2023"]
[Source "ChessBase"]
[SourceDate "2022.10.05"]
[SourceVersion "1"]
[SourceVersionDate "2022.10.05"]
[SourceQuality "1"]

1. c4 e6 2. Nc3 d5 3. cxd5 exd5 4. d4 c6 5. Nf3 Bf5 6. Bg5 f6 7. Bf4 Bd6 8. Bxd6 Qxd6 9. e3 Ne7 10. Qb3 Qc7 11. h3 Nd7 12. g3 0-0 13. Bg2 Rfe8 14. 0-0 Nb6 15. Nd2 Qd7 16. Kh2 Kh8 17. Rfe1 Ng6 18. Ne2 Re7 19. a4 Rae8 20. a5 Nc8 21. Nf3 Nd6 22. Nd2 Be4 23. Nxe4 Nxe4 24. Kg1 Qf5 25. Nf4 Nd2 26. Qd3 Qxd3 27. Nxd3 Nb3 28. Ra3 Nxd4 29. Rc3 Nb5 30. Rb3 Ne5 31. Nb4 a6 32. Rd1 Nc4 33. Nd3 Nxa5 34. Rb4 Nc4 35. Nc5 a5 36. Rb3 b6 37. Na4 g5 38. Bxd5 Rd7 39. Bf3 Rxd1+ 40. Bxd1 Rd8 41. Be2 Nd2 42. Rd3 Nf3+ 43. Kf1 Nd2+ 44. Kg2 Rxd3 45. Bxd3 Nd6 46. Nxb6 c5 47. Nd5 Kg7 48. f4 c4 49. Bc2 gxf4 50. exf4 h6 51. g4 Nb3 52. Nc3 Nc5 53. Kf3 Kf7 54. Ke3 Ke6 55. Kd4 Nb3+ 56. Bxb3 cxb3 57. f5+ Kd7 58. Kc5 Nf7 59. Nd5 Ng5 60. Nxf6+ Kd8 61. h4 Nf3 62. Ng8 h5 63. gxh5 Ne5 64. h6 Ke8 65. h7 Nf7 66. Nf6+ Kf8 67. Nh5 Ke7 68. f6+ Kd7 69. Kb5 1-0

[Event "Tatry op"]
[Site "Tatranske Zruby"]
[Date "2013.09.29"]
[Round "1"]
[White "Kral, Ladislav"]
[Black "Durovka, Stefan"]
[Result "1/2-1/2"]
[ECO "C29"]
[WhiteElo "1610"]
[BlackElo "1797"]
[PlyCount "128"]
[EventDate "2013.09.29"]
[EventType "swiss"]
[EventRounds "9"]
[EventCountry "SVK"]
[SourceTitle "EXT 2023"]
[Source "ChessBase"]
[SourceDate "2022.10.05"]
[SourceVersion "1"]
[SourceVersionDate "2022.10.05"]
[SourceQuality "1"]

1. e4 e5 2. Nc3 Nf6 3. f4 Nc6 4. fxe5 Nxe5 5. d4 Ng6 6. e5 Ng8 7. Nf3 d6 8. Bc4 Be6 9. Qe2 Be7 10. 0-0 d5 11. Bd3 c6 12. Be3 Qb6 13. Na4 Qc7 14. Ng5 Bxg5 15. Bxg5 N8e7 16. Nc5 0-0 17. Nxe6 fxe6 18. Qh5 Nf5 19. Bxf5 exf5 20. Qh3 Qd7 21. Rf2 Rf7 22. Re1 Re8 23. Ref1 Ref8 24. Re1 Qe6 25. Ref1 c5 26. c3 cxd4 27. cxd4 h6 28. Bd2 Qa6 29. Rxf5 Rxf5 30. Rxf5 Qb6 31. Rxf8+ Nxf8 32. Bc3 Qg6 33. a3 Ne6 34. Qe3 Qb1+ 35. Qe1 Qxe1+ 36. Bxe1 Nxd4 37. Bf2 Nc6 38. e6 Kf8 39. Bc5+ Ke8 40. a4 a6 41. Kf2 Nd8 42. e7 Nc6 43. Ke3 Nxe7 44. Kd4 Ng6 45. g3 Kd7 46. Kxd5 Nh8 47. Bf8 Nf7 48. Bxg7 h5 49. Ke4 Ke6 50. Kf4 b5 51. axb5 axb5 52. h4 Nd6 53. g4 hxg4 54. Kxg4 Kf7 55. Bd4 Kg6 56. h5+ Kh7 57. Be3 Nc4 58. Bc1 Ne5+ 59. Kf5 Nd3 60. Bd2 Nxb2 61. Kf6 Nc4 62. Be1 Kh6 63. Ke6 Nb2 64. Kd5 Nd3 1/2-1/2

[Event "Bratislava Doprastav op"]
[Site "Bratislava"]
[Date "2013.06.30"]
[Round "4"]
[White "Sucikova, Svetlana"]
[Black "Durovka, Stefan"]
[Result "1-0"]
[ECO "E33"]
[WhiteElo "1959"]
[BlackElo "1804"]
[PlyCount "105"]
[EventDate "2013.06.28"]
[EventType "swiss"]
[EventRounds "9"]
[EventCountry "SVK"]
[SourceTitle "EXT 2015"]
[Source "ChessBase"]
[SourceDate "2014.11.20"]
[SourceVersion "1"]
[SourceVersionDate "2014.11.20"]
[SourceQuality "1"]

1. c4 Nf6 2. d4 e6 3. Nc3 Bb4 4. Qc2 Nc6 5. Nf3 d5 6. a3 Be7 7. e3 0-0 8. Bd3 g6 9. 0-0 Re8 10. b4 Bf8 11. b5 dxc4 12. Bxg6 hxg6 13. bxc6 bxc6 14. Ne5 Bb7 15. Ne2 Bg7 16. Nxc4 Qd5 17. Nf4 Qg5 18. Ne5 Nh5 19. Nh3 Qf5 20. e4 Qf6 21. Bg5 Qxg5 22. Nxg5 f6 23. Rfb1 Rab8 24. Nd7 fxg5 25. Nxb8 Rxb8 26. Rb4 a5 27. Rxb7 Rxb7 28. Qxc6 Rb2 29. Qxe6+ Kh7 30. e5 Nf4 31. Qd7 Rd2 32. Kf1 c5 33. e6 Nxe6 34. Qxe6 Bxd4 35. Qh3+ Kg7 36. Rb1 Rxf2+ 37. Ke1 Rf7 38. Rb8 Kf6 39. Qf3+ Kg7 40. Rb7 Rxb7 41. Qxb7+ Kf6 42. Qe4 Kf7 43. Kd1 Kg7 44. Kc2 Kh6 45. Kb3 Kh5 46. h3 Kh6 47. Ka4 Bb2 48. Qc2 Bd4 49. Kxa5 g4 50. hxg4 Kg5 51. Qe4 Kh4 52. Kb5 g5 53. Qf3 1-0

[Event "Bratislava Slovan op"]
[Site "Bratislava"]
[Date "2013.05.04"]
[Round "9"]
[White "Vrtiakova, Anna"]
[Black "Durovka, Stefan"]
[Result "1-0"]
[ECO "C41"]
[WhiteElo "1706"]
[BlackElo "1820"]
[PlyCount "125"]
[EventDate "2013.04.27"]
[EventType "swiss"]
[EventRounds "9"]
[EventCountry "SVK"]
[SourceTitle "EXT 2023"]
[Source "ChessBase"]
[SourceDate "2022.10.05"]
[SourceVersion "1"]
[SourceVersionDate "2022.10.05"]
[SourceQuality "1"]

1. e4 e5 2. Nf3 Nf6 3. Nc3 Nc6 4. Bb5 d6 5. d4 exd4 6. Qxd4 Be7 7. Bg5 0-0 8. Bxc6 bxc6 9. 0-0 h6 10. Bh4 Re8 11. h3 Be6 12. Rad1 Qb8 13. b3 Qc8 14. Rfe1 Kh8 15. e5 Nd5 16. Bxe7 Rxe7 17. exd6 cxd6 18. Nxd5 cxd5 19. Qd2 Rc7 20. Nd4 Qd7 21. Qf4 Rac8 22. Rd3 a5 23. Qd2 Rc5 24. c3 Rb8 25. Qe3 Rbc8 26. Nxe6 Qxe6 27. Qxe6 fxe6 28. Rxe6 R8c6 29. Re8+ Kh7 30. Ra8 Rc7 31. Ra6 Rd7 32. Kf1 Kg6 33. Ke2 Re7+ 34. Kd2 Re6 35. Rd4 Rf6 36. f3 Kf5 37. Ra4 Rg6 38. g4+ Kg5 39. R6xa5 Rf6 40. Rxc5 dxc5 41. Ke3 Re6+ 42. Kf2 Kh4 43. Ra7 g5 44. Rd7 Ra6 45. a4 c4 46. b4 Rxa4 47. Rxd5 Ra3 48. Rd6 Ra2+ 49. Ke3 Kxh3 50. Rxh6+ Kg3 51. Rf6 Ra8 52. Kd4 Rc8 53. b5 Kf2 54. b6 Ke2 55. b7 Rb8 56. Rf7 Kd2 57. Kxc4 Ke3 58. Kb5 Kd3 59. Kb6 Kxc3 60. Rc7+ Kd4 61. Rc8 Rxb7+ 62. Kxb7 Ke3 63. Rf8 1-0

[Event "Bratislava Slovan op"]
[Site "Bratislava"]
[Date "2013.05.01"]
[Round "6"]
[White "Durovka, Stefan"]
[Black "Sosovicka, Jakub"]
[Result "1/2-1/2"]
[ECO "D01"]
[WhiteElo "1820"]
[BlackElo "1615"]
[PlyCount "184"]
[EventDate "2013.04.27"]
[EventType "swiss"]
[EventRounds "9"]
[EventCountry "SVK"]
[SourceTitle "EXT 2023"]
[Source "ChessBase"]
[SourceDate "2022.10.05"]
[SourceVersion "1"]
[SourceVersionDate "2022.10.05"]
[SourceQuality "1"]

1. Nf3 d5 2. d4 Nf6 3. Nc3 Bf5 4. Bg5 e6 5. e3 Be7 6. Bd3 0-0 7. 0-0 h6 8. Bh4 Nbd7 9. Re1 c5 10. Bxf5 exf5 11. dxc5 Nxc5 12. Bxf6 Bxf6 13. Nd4 Qd7 14. Qh5 Ne4 15. Nxe4 fxe4 16. Red1 Rac8 17. c3 Rfd8 18. h3 Rc5 19. Nb3 Rb5 20. Qe2 Qe8 21. Rd2 a6 22. Rad1 a5 23. c4 dxc4 24. Rxd8 Bxd8 25. Qxc4 Bf6 26. Rd2 Rb6 27. Nd4 Bxd4 28. Qxd4 Rb4 29. Qc3 Kh7 30. a3 Rb5 31. Kh2 Rf5 32. Qd4 Rb5 33. Rc2 Qe7 34. Rc4 Re5 35. b4 axb4 36. Rxb4 Qc7 37. g3 Rf5 38. Qxe4 g6 39. Rb2 Qc3 40. Qxb7 Qxa3 41. Kg2 Qd3 42. g4 Rf6 43. Ra2 Kg7 44. Qa8 Qd1 45. Rb2 Rd6 46. Qe4 Qd5 47. Qxd5 Rxd5 48. Kf3 h5 49. Kg3 Rg5 50. f4 Rd5 51. gxh5 Rxh5 52. Kg4 Rh8 53. h4 Re8 54. Re2 Re4 55. h5 Kh6 56. hxg6 Kxg6 57. Kf3 f5 58. Rg2+ Kf6 59. Rg8 Kf7 60. Rd8 Ke7 61. Rd3 Kf6 62. Kg3 Ke6 63. Kh4 Kf6 64. Rb3 Re6 65. Kh5 Rd6 66. Kh4 Re6 67. Kg3 Re4 68. Kf3 Kf7 69. Rb6 Kg7 70. Rd6 Kf7 71. Rd4 Re6 72. e4 fxe4+ 73. Rxe4 Rxe4 74. Kxe4 Ke6 75. Kf3 Kf5 76. Kg3 Kf6 77. Kg4 Kg6 78. Kf3 Kf5 79. Ke3 Kf6 80. Ke4 Ke6 81. f5+ Kf6 82. Kf4 Kf7 83. Kg5 Kg7 84. f6+ Kf7 85. Kf5 Kf8 86. Ke6 Ke8 87. Ke5 Kf7 88. Kf5 Kf8 89. Kg4 Kf7 90. Kg5 Kf8 91. Kg6 Kg8 92. Kf5 Kf7 1/2-1/2

[Event "Kesarovski Georgiev Memorial 9th"]
[Site "Sunny Beach"]
[Date "2010.08.31"]
[Round "4"]
[White "Dmochowska, Agnieszka"]
[Black "Durovka, Stefan"]
[Result "1-0"]
[ECO "C66"]
[WhiteElo "1597"]
[BlackElo "1835"]
[PlyCount "79"]
[EventDate "2010.08.28"]
[EventType "swiss"]
[EventRounds "9"]
[EventCountry "BUL"]
[SourceTitle "CBM 138 Extra"]
[Source "ChessBase"]
[SourceDate "2010.10.29"]
[SourceVersion "1"]
[SourceVersionDate "2010.10.29"]
[SourceQuality "1"]

1. e4 e5 2. Nf3 Nc6 3. Bb5 d6 4. d4 exd4 5. Nxd4 Bd7 6. Nc3 Nf6 7. 0-0 Be7 8. Bxc6 bxc6 9. Qf3 0-0 10. b3 Re8 11. Bb2 Bf8 12. Rfe1 c5 13. Nf5 g6 14. Ne3 Bg7 15. Nc4 Ng4 16. Nd5 f6 17. Qd3 Ne5 18. Bxe5 fxe5 19. Rab1 Be6 20. Red1 Bg4 21. f3 Be6 22. Na5 Qd7 23. Qa6 Bxd5 24. Rxd5 Reb8 25. Qc4 Qf7 26. b4 a6 27. Rb3 Rb5 28. a4 Rb6 29. bxc5 dxc5 30. Rxc5 Qxc4 31. Rxc4 Rd6 32. Rxc7 Rd1+ 33. Kf2 Rd2+ 34. Kg3 h5 35. Nc6 h4+ 36. Kxh4 Rxg2 37. Kh3 Rg1 38. Rbb7 Bf6 39. Nb8 a5 40. Rc8+ 1-0